banner koha

É preciso ética no setor de sementes (Registro n. 300711)

MARC details
000 -LÍDER
fixed length control field 00824nab a2200241 4500
003 - CÓDIGO MARC DA AGÊNCIA CATALOGADORA
Campo de controle BR-BrBNA
005 - DATA E HORA DA ÚLTIMA ATUALIZAÇÃO
Campo de controle 20240815090245.0
008 - CAMPO DE TAMANHO FIXO
fixed length control field 240801b bl.||||| |||| 00| 0 por d
040 ## - FONTE DA CATALOGAÇÃO
Agência catalogadora BR-BrBNA
Idioma da catalogação por
072 ## - CATEGORIA AGRIS
Código AGRIS E70 ; F03 ; D50
Código do objeto 3575
100 ## - ENTRADA PRINCIPAL - NOME PESSOAL
Nome pessoal Introvini, Gisela
245 ## - TÍTULO PRINCIPAL
Título principal É preciso ética no setor de sementes
500 ## - NOTA GERAL
Nota geral 3 illus.
942 ## - ADDED ENTRY ELEMENTS (KOHA)
Koha item type
650 ## - ASSUNTO - THESAGRO
Cabeçalho tópico ou nome geográfico SEMENTE
650 ## - ASSUNTO - THESAGRO
Cabeçalho tópico ou nome geográfico SEMENTEIRA
650 ## - ASSUNTO - THESAGRO
Cabeçalho tópico ou nome geográfico CERTIFICAÇÃO DE SEMENTE
650 ## - ASSUNTO - THESAGRO
Cabeçalho tópico ou nome geográfico CONTROLE DE QUALIDADE
650 ## - ASSUNTO - THESAGRO
Cabeçalho tópico ou nome geográfico INDICAÇÃO DE PROCEDÊNCIA
650 ## - ASSUNTO - THESAGRO
Cabeçalho tópico ou nome geográfico LEGISLAÇÃO
773 0# - ENTRADA ANALÍTICA
Host Biblionumber 4604
Registro do item 317185
Imprenta Palmas - Tocantins Terranova Gráfica e Editora Jornalística Ltda 2005
Outro identificador 2024-3809
Título Cerrado Rural Agronegócios (Brazil)
ISSN 1980-2595
Colação v. 3(14) p. 40 -41; (Feb 2006)
Número de controle de registro BR2024002378

Nenhum exemplar disponível.

BINAGRI

Telefone: (61)3218-2567/2388/3357/2097 - binagri@agro.gov.br

Ministério da Agricultura e Pecuária , Esplanada dos Ministérios, Bloco D, Anexo B, Brasília/DF, CEP: 70.043-900